Constitutional development in the Commonwealth Caribbean / (Registro nro. 172465)
[ vista simple ]
| 000 -LEADER | |
|---|---|
| fixed length control field | 01520nam a2200397 i 4500 |
| 001 - CONTROL NUMBER | |
| control field | 2019387454 |
| 006 - FIXED-LENGTH DATA ELEMENTS--ADDITIONAL MATERIAL CHARACTERISTICS--GENERAL INFORMATION | |
| fixed length control field | m o d |
| 007 - PHYSICAL DESCRIPTION FIXED FIELD--GENERAL INFORMATION | |
| fixed length control field | cr un ---uuuua |
| 008 - FIXED-LENGTH DATA ELEMENTS--GENERAL INFORMATION | |
| fixed length control field | 190207s2018 jm ob 001 0 eng d |
| 010 ## - LIBRARY OF CONGRESS CONTROL NUMBER | |
| LC control number | 2019387454 |
| 020 ## - INTERNATIONAL STANDARD BOOK NUMBER | |
| International Standard Book Number | 9789766379599 |
| 035 ## - | |
| -- | 37596 |
| 040 ## - CATALOGING SOURCE | |
| Original cataloging agency | UtOrBLW |
| Language of cataloging | eng |
| Description conventions | rda |
| Transcribing agency | UtOrBLW |
| 042 ## - | |
| -- | lccopycat |
| 043 ## - | |
| -- | cc----- |
| 050 00 - | |
| -- | KGL5548 |
| -- | .G43 2018 |
| 082 04 - | |
| -- | 342.729 |
| -- | 23 |
| 090 ## - | |
| -- | 14279 |
| -- | 14279 |
| 100 1# - MAIN ENTRY--PERSONAL NAME | |
| Personal name | Ghany, Hamid A., |
| Relator term | author. |
| 245 10 - TITLE STATEMENT | |
| Title | Constitutional development in the Commonwealth Caribbean / |
| Statement of responsibility, etc | Hamid A. Ghany. |
| 300 ## - PHYSICAL DESCRIPTION | |
| Extent | 1 online resource (xxxi, 157 pages) |
| 504 ## - BIBLIOGRAPHY, ETC. NOTE | |
| Bibliography, etc | Includes bibliographical references (pages 147-153) and index. |
| 505 0# - FORMATTED CONTENTS NOTE | |
| Formatted contents note | Federation and independence -- The supremacy of parliament and the supremacy of the Constitution -- Magna Carta and human rights -- Parliamentary structures and composition -- Commonwealth Caribbean presidencies -- The challenges of constitutional reform. |
| 650 #0 - SUBJECT ADDED ENTRY--TOPICAL TERM | |
| Topical term or geographic name as entry element | Constitutions |
| Geographic subdivision | Caribbean Area. |
| 650 #0 - SUBJECT ADDED ENTRY--TOPICAL TERM | |
| Topical term or geographic name as entry element | Constitutional history |
| Geographic subdivision | Caribbean Area. |
| 650 #0 - SUBJECT ADDED ENTRY--TOPICAL TERM | |
| Topical term or geographic name as entry element | Legislative bodies |
| Geographic subdivision | Caribbean Area. |
| 650 #0 - SUBJECT ADDED ENTRY--TOPICAL TERM | |
| Topical term or geographic name as entry element | Constitutional history. |
| Source of heading or term | fast |
| 650 #0 - SUBJECT ADDED ENTRY--TOPICAL TERM | |
| Topical term or geographic name as entry element | Constitutions. |
| Source of heading or term | fast |
| 650 #0 - SUBJECT ADDED ENTRY--TOPICAL TERM | |
| Topical term or geographic name as entry element | Legislative bodies. |
| Source of heading or term | fast |
| 650 #0 - SUBJECT ADDED ENTRY--TOPICAL TERM | |
| Topical term or geographic name as entry element | Politics and government. |
| Source of heading or term | fast |
| 651 #0 - SUBJECT ADDED ENTRY--GEOGRAPHIC NAME | |
| Geographic name | Caribbean Area |
| General subdivision | Politics and government. |
| 651 #0 - SUBJECT ADDED ENTRY--GEOGRAPHIC NAME | |
| Geographic name | Caribbean Area. |
| Source of heading or term | fast |
| 856 40 - LOCALIZACIÓN Y ACCESO ELECTRÓNICO | |
| Identificador Uniforme del Recurso (URI/URL) | https://app.vlex.com/#/sources/37596 |
| 942 ## - | |
| -- | RAA |
| 999 ## - | |
| -- | 172465 |
| -- | 172465 |
No hay ítems disponibles.